Normal view
MARC view
Entry Topical Term
001 - CONTROL NUMBER
- control field: 73405
003 - CONTROL NUMBER IDENTIFIER
- control field: dpl
005 - DATE AND TIME OF LATEST TRANSACTION
- control field: 20241024153444.0
008 - FIXED-LENGTH DATA ELEMENTS
- fixed length control field: 241024|| aca||aabn | a|a d
040 ## - CATALOGING SOURCE
- Original cataloging agency: dpl
- Transcribing agency: dpl
150 ## - HEADING--TOPICAL TERM
- General subdivision:
- Geographic subdivision:
670 ## - SOURCE DATA FOUND
- Source citation: Work cat.: (dpl)197492: भदौरिया, जितेन्द्र सिंह 73404, मध्य प्रदेश: एक परिचय /, 2023
